<?xml version="1.0" encoding="UTF-8"?>
<record
    xmlns:xsi="http://www.w3.org/2001/XMLSchema-instance"
    xsi:schemaLocation="http://www.loc.gov/MARC21/slim http://www.loc.gov/standards/marcxml/schema/MARC21slim.xsd"
    xmlns="http://www.loc.gov/MARC21/slim">

  <leader>01876nam0a2200445   4500</leader>
  <controlfield tag="001">RU\NLR\bibl\1057981</controlfield>
  <controlfield tag="005">20250615035932.0</controlfield>
  <datafield tag="010" ind1=" " ind2=" ">
    <subfield code="a">978-5-89117-186-2</subfield>
    <subfield code="9">1000</subfield>
  </datafield>
  <datafield tag="021" ind1=" " ind2=" ">
    <subfield code="a">RU</subfield>
    <subfield code="b">2007-4237</subfield>
    <subfield code="9">214</subfield>
  </datafield>
  <datafield tag="035" ind1=" " ind2=" ">
    <subfield code="a">(nilc)RSL-KNO-003032401</subfield>
  </datafield>
  <datafield tag="035" ind1=" " ind2=" ">
    <subfield code="a">(NLR Aleph) 001045263</subfield>
  </datafield>
  <datafield tag="090" ind1=" " ind2=" ">
    <subfield code="a">844141</subfield>
    <subfield code="c">844141</subfield>
  </datafield>
  <datafield tag="100" ind1=" " ind2=" ">
    <subfield code="a">20070213d2007    |||y0rusy50      ca</subfield>
  </datafield>
  <datafield tag="101" ind1="0" ind2=" ">
    <subfield code="a">rus</subfield>
  </datafield>
  <datafield tag="102" ind1=" " ind2=" ">
    <subfield code="a">RU</subfield>
  </datafield>
  <datafield tag="105" ind1=" " ind2=" ">
    <subfield code="a">a   |||||||||</subfield>
  </datafield>
  <datafield tag="106" ind1=" " ind2=" ">
    <subfield code="a">r</subfield>
  </datafield>
  <datafield tag="200" ind1="1" ind2=" ">
    <subfield code="a">&#x41B;&#x43E;&#x433;&#x438;&#x43A;&#x430; &#x43A;&#x432;&#x430;&#x43D;&#x442;&#x43E;&#x432;&#x43E;&#x433;&#x43E; &#x43C;&#x438;&#x440;&#x430; &#x438; &#x432;&#x43E;&#x437;&#x43D;&#x438;&#x43A;&#x43D;&#x43E;&#x432;&#x435;&#x43D;&#x438;&#x435; &#x436;&#x438;&#x437;&#x43D;&#x438; &#x43D;&#x430; &#x417;&#x435;&#x43C;&#x43B;&#x435;</subfield>
    <subfield code="f">&#x412;.&#x41B;. &#x42F;&#x43D;&#x447;&#x438;&#x43B;&#x438;&#x43D;</subfield>
  </datafield>
  <datafield tag="205" ind1=" " ind2=" ">
    <subfield code="a">2-&#x435; &#x438;&#x437;&#x434;.</subfield>
  </datafield>
  <datafield tag="210" ind1=" " ind2=" ">
    <subfield code="a">&#x41C;&#x43E;&#x441;&#x43A;&#x432;&#x430;</subfield>
    <subfield code="c">&#x41D;&#x43E;&#x432;&#x44B;&#x439; &#x446;&#x435;&#x43D;&#x442;&#x440;</subfield>
    <subfield code="d">2007</subfield>
  </datafield>
  <datafield tag="215" ind1=" " ind2=" ">
    <subfield code="a">151 &#x441;.</subfield>
    <subfield code="c">&#x438;&#x43B;.</subfield>
    <subfield code="d">22</subfield>
  </datafield>
  <datafield tag="225" ind1="1" ind2=" ">
    <subfield code="a">&#x41D;&#x43E;&#x432;&#x44B;&#x435; &#x438;&#x434;&#x435;&#x438;. &#x41D;&#x43E;&#x432;&#x44B;&#x435; &#x438;&#x43C;&#x435;&#x43D;&#x430;</subfield>
  </datafield>
  <datafield tag="313" ind1=" " ind2=" ">
    <subfield code="a">&#x41F;&#x43E; 1&#x438;&#x437;&#x434;.</subfield>
  </datafield>
  <datafield tag="320" ind1=" " ind2=" ">
    <subfield code="a">&#x411;&#x438;&#x431;&#x43B;&#x438;&#x43E;&#x433;&#x440;.: &#x441;. 148-151 (61 &#x43D;&#x430;&#x437;&#x432;.)</subfield>
  </datafield>
  <datafield tag="320" ind1=" " ind2=" ">
    <subfield code="a">&#x414;&#x440;. &#x43F;&#x440;&#x43E;&#x438;&#x437;&#x432;&#x435;&#x434;&#x435;&#x43D;&#x438;&#x44F; &#x430;&#x432;&#x442;. &#x43D;&#x430; 4-&#x439; &#x441;. &#x43E;&#x431;&#x43B;.</subfield>
  </datafield>
  <datafield tag="606" ind1="1" ind2=" ">
    <subfield code="a">&#x41A;&#x432;&#x430;&#x43D;&#x442;&#x43E;&#x432;&#x430;&#x44F; &#x442;&#x435;&#x43E;&#x440;&#x438;&#x44F;</subfield>
    <subfield code="9">2116058</subfield>
    <subfield code="3">RU\NLR\auth\661278347</subfield>
  </datafield>
  <datafield tag="606" ind1="1" ind2=" ">
    <subfield code="a">&#x416;&#x438;&#x437;&#x43D;&#x44C;</subfield>
    <subfield code="x">&#x41F;&#x440;&#x43E;&#x438;&#x441;&#x445;&#x43E;&#x436;&#x434;&#x435;&#x43D;&#x438;&#x435;</subfield>
    <subfield code="x">&#x41A;&#x432;&#x430;&#x43D;&#x442;&#x43E;&#x432;&#x430;&#x44F; &#x442;&#x435;&#x43E;&#x440;&#x438;&#x44F;</subfield>
    <subfield code="9">2354602</subfield>
    <subfield code="3">RU\NLR\auth\661406496</subfield>
  </datafield>
  <datafield tag="610" ind1="0" ind2=" ">
    <subfield code="a">&#x411;&#x438;&#x43E;&#x43B;&#x43E;&#x433;&#x438;&#x447;&#x435;&#x441;&#x43A;&#x438;&#x435; &#x43D;&#x430;&#x443;&#x43A;&#x438; -- &#x41E;&#x431;&#x449;&#x430;&#x44F; &#x431;&#x438;&#x43E;&#x43B;&#x43E;&#x433;&#x438;&#x44F; -- &#x416;&#x438;&#x437;&#x43D;&#x44C; &#x438; &#x435;&#x435; &#x43F;&#x440;&#x43E;&#x438;&#x441;&#x445;&#x43E;&#x436;&#x434;&#x435;&#x43D;&#x438;&#x435; -- &#x424;&#x438;&#x43B;&#x43E;&#x441;&#x43E;&#x444;&#x441;&#x43A;&#x438;&#x435; &#x432;&#x43E;&#x43F;&#x440;&#x43E;&#x441;&#x44B;</subfield>
  </datafield>
  <datafield tag="610" ind1="0" ind2=" ">
    <subfield code="a">&#x424;&#x438;&#x437;&#x438;&#x43A;&#x43E;-&#x43C;&#x430;&#x442;&#x435;&#x43C;&#x430;&#x442;&#x438;&#x447;&#x435;&#x441;&#x43A;&#x438;&#x435; &#x43D;&#x430;&#x443;&#x43A;&#x438; -- &#x424;&#x438;&#x437;&#x438;&#x43A;&#x430; -- &#x422;&#x435;&#x43E;&#x440;&#x435;&#x442;&#x438;&#x447;&#x435;&#x441;&#x43A;&#x430;&#x44F; &#x444;&#x438;&#x437;&#x438;&#x43A;&#x430; -- &#x41A;&#x432;&#x430;&#x43D;&#x442;&#x43E;&#x432;&#x430;&#x44F; &#x43C;&#x435;&#x445;&#x430;&#x43D;&#x438;&#x43A;&#x430; -- &#x424;&#x438;&#x43B;&#x43E;&#x441;&#x43E;&#x444;&#x441;&#x43A;&#x438;&#x435; &#x432;&#x43E;&#x43F;&#x440;&#x43E;&#x441;&#x44B;</subfield>
  </datafield>
  <datafield tag="686" ind1=" " ind2=" ">
    <subfield code="a">&#x415;01&#x432;,0</subfield>
    <subfield code="2">rubbk</subfield>
  </datafield>
  <datafield tag="686" ind1=" " ind2=" ">
    <subfield code="a">&#x412;314&#x432;,0</subfield>
    <subfield code="2">rubbk</subfield>
  </datafield>
  <datafield tag="686" ind1=" " ind2=" ">
    <subfield code="a">&#x412;314</subfield>
  </datafield>
  <datafield tag="686" ind1=" " ind2=" ">
    <subfield code="a">&#x415;01&#x432;734.3</subfield>
  </datafield>
  <datafield tag="700" ind1=" " ind2="1">
    <subfield code="a">&#x42F;&#x43D;&#x447;&#x438;&#x43B;&#x438;&#x43D;</subfield>
    <subfield code="b">&#x412;. &#x41B;.</subfield>
    <subfield code="f">1965-</subfield>
    <subfield code="g">&#x412;&#x430;&#x441;&#x438;&#x43B;&#x438;&#x439; &#x41B;&#x435;&#x43E;&#x43D;&#x438;&#x434;&#x43E;&#x432;&#x438;&#x447;</subfield>
    <subfield code="4">070</subfield>
  </datafield>
  <datafield tag="801" ind1=" " ind2="0">
    <subfield code="a">RU</subfield>
    <subfield code="b">&#x420;&#x41A;&#x41F;</subfield>
    <subfield code="c">20070213</subfield>
    <subfield code="g">rcr</subfield>
  </datafield>
  <datafield tag="801" ind1=" " ind2="1">
    <subfield code="a">RU</subfield>
    <subfield code="b">&#x420;&#x413;&#x411;</subfield>
    <subfield code="c">20070213</subfield>
  </datafield>
  <datafield tag="801" ind1=" " ind2="2">
    <subfield code="a">RU</subfield>
    <subfield code="b">NLR</subfield>
    <subfield code="c">20070313</subfield>
    <subfield code="g">rcr</subfield>
  </datafield>
  <datafield tag="942" ind1=" " ind2=" ">
    <subfield code="c">BOOK</subfield>
  </datafield>
  <datafield tag="980" ind1=" " ind2=" ">
    <subfield code="a">NB</subfield>
  </datafield>
  <datafield tag="995" ind1=" " ind2=" ">
    <subfield code="5">2007-03-13</subfield>
    <subfield code="a">ad</subfield>
    <subfield code="b">NLR01</subfield>
    <subfield code="c">NLR01</subfield>
    <subfield code="e">RF9</subfield>
    <subfield code="f">1-2348248</subfield>
    <subfield code="k">2007-5/2431</subfield>
    <subfield code="o">0</subfield>
    <subfield code="r">BOOK</subfield>
    <subfield code="s">200752431_</subfield>
  </datafield>
  <datafield tag="995" ind1=" " ind2=" ">
    <subfield code="5">2007-03-13</subfield>
    <subfield code="a">ad</subfield>
    <subfield code="b">NLR01</subfield>
    <subfield code="c">NLR01</subfield>
    <subfield code="e">RF9</subfield>
    <subfield code="f">2385058</subfield>
    <subfield code="k">2007-5/2431</subfield>
    <subfield code="o">0</subfield>
    <subfield code="r">BOOK</subfield>
    <subfield code="s">200752431_</subfield>
  </datafield>
</record>
